| 000 | 00753cab a2200241 4500 | ||
|---|---|---|---|
| 001 | ABS48908 | ||
| 008 | 090401t1993 xxu||||| |||| 00| 0 eng d | ||
| 035 | _a(Sirsi) u69097 | ||
| 041 | _aeng | ||
| 100 | _aPowell-Smith, V. | ||
| 245 | _aUseful guidance on abatement | ||
| 260 | _c1993 | ||
| 350 | _a0 | ||
| 490 |
_aContract Journal _v396(5935) 29 July 1993, 12-13(1) |
||
| 520 | _aComments on the decision in "C A Duquemin Ltd v Slater" to draw wider conclusions on abatement. | ||
| 650 | _aDEFECTIVE MATERIALS | ||
| 650 | _aGILBERT-ASH (NORTHERN) LTD V MODERN ENGINEERING BRISTOL LTD | ||
| 650 | _aMONDEL V STEEL (1841) | ||
| 650 | _aPAYMENT | ||
| 690 | _aBUILT ENVIRONMENT-BUILDING CONTRACT FORMS | ||
| 942 | _n0 | ||
| 948 | _c04/03/1997 | ||
| 999 |
_c43402 _d43402 |
||